000
00318nam a22001337a 4500
005
20170916112153.0
008
170916b xxu||||| |||| 00| 0 eng d
020
_a
978-93-5027-134-6
041
_a
eng
082
_a
530
100
_a
MATHUR, S.B. AND KUMAR, A
_9
3926
245
_a
CORE PHYSICS FOR CLASS 12
942
_c
BK
999
_c
5569
_d
5567